000
00293nam a22001337a 4500
008
181218b xxu||||| |||| 00| 0 eng d
020
_a
0070574669
041
_a
eng
080
_a
616.8-006
100
_a
6
101
_a
KAN
245
_a
Cancer & Nutrition
_c
Simone, Ch. B
942
_2
udc
_c
BK
999
_c
53389
_d
53389